000 00774nam a2200229Ii 4500
003 JO-AjNU
008 230605s9999||||xx |||||||||||||| ||und||
017 _a2008/8/2476
020 _a978-9957-499-04-4
040 _aJO-AjNU
_bara
_erda
_cJO-AjNU
041 _aara
050 1 4 _aHF5415.I23 A2398 .2008
100 3 _aعبوي،زيد منير,
_eauthor
_929396
245 0 0 _aنظم المعلومات التسويقية
250 _aط1
264 3 1 _aعمان:دار الراية للنشر والتوزيع؛2008
300 _a238ص
_bيحتوي على ببلوغرافية من ص231-238ص
336 _atext
_btxt
_2rdacontent
337 _aunmediated
_bn
_2rdamedia
338 _avolume
_bnc
_2rdacarrier
650 4 _aالتسويق-نظم معلومات
_929397
999 _aA11525
_c15093
_d15093